Hellenistic science and culture in the last three centuries B.C.

The book is divided into two parts: Part One deals with the third century B.C. As the empire of Alexander the Great disintegrated, a Greek intellectual hegemony evolved, grounded in the work of Ptolemy and Euclid, Aristarchos and Archimedes, Eratosthenes and other thinkers. Ranging widely across the...

全面介紹

Đã lưu trong:
書目詳細資料
主要作者: Sarton, George
格式: 圖書
語言:Undetermined
出版: New York Dover Publications 1959
主題:
標簽: 添加標簽
沒有標簽, 成為第一個標記此記錄!
Thư viện lưu trữ: Trung tâm Học liệu Trường Đại học Cần Thơ
LEADER 01196nam a2200229Ia 4500
001 CTU_218160
008 210402s9999 xx 000 0 und d
020 |c 13.95 
082 |a 509 
082 |b S251 
100 |a Sarton, George 
245 0 |a Hellenistic science and culture in the last three centuries B.C. 
245 0 |c George Sarton 
260 |a New York 
260 |b Dover Publications 
260 |c 1959 
520 |a The book is divided into two parts: Part One deals with the third century B.C. As the empire of Alexander the Great disintegrated, a Greek intellectual hegemony evolved, grounded in the work of Ptolemy and Euclid, Aristarchos and Archimedes, Eratosthenes and other thinkers. Ranging widely across the spectrum of Hellenistic accomplishment, Dr. Sarton outlines advances in geography and chronology, physics, technology, anatomy, medicine, philosophy and religion, language and more. 
650 |a Science,Science,Khoa học,Khoa học 
650 |x History,Social aspects,History,Lịch sử,Khía cạnh xã hội,Lịch sử 
650 |z Greece,Greece,Hy lạp,Hy lạp 
904 |i Qhieu 
980 |a Trung tâm Học liệu Trường Đại học Cần Thơ